[Event "Warren (MCO/6/18)"]
[Site "?"]
[Date "1986.??.??"]
[Round "?"]
[White "Harma, K.."]
[Black "Murray, David"]
[Result "0-1"]
[WhiteElo "1780"]
[BlackElo "1955"]
[PlyCount "94"]
[EventDate "1986.??.??"]

{6/(18)} 1. Nc3 c5 2. Nf3 Nf6 3. d4 cxd4 4. Nxd4 d6 5. g3 d5 6. Bf4 Nc6 7. Bg2
Qb6 8. Nb3 e5 9. Bg5 d4 10. Nd5 Nxd5 11. Bxd5 Bb4+ 12. Bd2 Bh3 13. a3 Bxd2+ 14.
Qxd2 Ne7 15. Bf3 Rc8 16. Rg1 Bf5 17. Qb4 Qxb4+ 18. axb4 Bxc2 19. Bxb7 Bxb3 20.
Bxc8 Nxc8 21. Rc1 Kd7 22. Rc5 f6 23. Kd2 Nb6 24. Rgc1 Rc8 25. Ra1 Rxc5 26. bxc5
Nc8 27. Ra3 Bc4 28. e3 d3 29. Ra4 Bb5 30. Rb4 a6 31. Rh4 h6 32. b4 Ne7 33. Re4
Ke6 34. g4 g6 35. g5 hxg5 36. Rg4 Kf5 37. h3 e4 38. Rg1 Nd5 39. Rb1 g4 40. h4
g3 41. fxg3 Kg4 42. Rf1 f5 43. Rf2 Kxg3 44. h5 Kxf2 45. hxg6 f4 46. Kc1 Ke2 47.
g7 Nf6 0-1

[Event "Warren (MCO/2/14)"]
[Site "?"]
[Date "1986.??.??"]
[Round "?"]
[White "Harma, K.."]
[Black "Mitchell, S.."]
[Result "0-1"]
[WhiteElo "1780"]
[BlackElo "2085"]
[PlyCount "52"]
[EventDate "1986.??.??"]

{2/(14)} 1. d4 d5 2. e3 Bf5 3. f4 e6 4. Nf3 Nf6 5. c3 c5 6. Bb5+ Nc6 7. Ne5 Qb6
8. Qb3 Rc8 9. Nd2 Be7 10. a4 O-O 11. Bxc6 bxc6 12. Qxb6 axb6 13. a5 bxa5 14.
Rxa5 cxd4 15. exd4 c5 16. Ndf3 Ra8 17. Rb5 c4 18. Rb7 Bd6 19. Nd7 Nxd7 20. Rxd7
Bxf4 21. Nd2 Ra1 22. Kd1 Rfa8 23. b4 h5 24. Rf1 Bg4+ 25. Kc2 R8a2+ 26. Bb2 Bf5+
0-1

[Event "Monroe (MI Op/4/14)"]
[Site "?"]
[Date "1986.??.??"]
[Round "?"]
[White "Hankinson, Chris"]
[Black "Smith, Walt"]
[Result "1-0"]
[WhiteElo "2025"]
[BlackElo "2080"]
[PlyCount "143"]
[EventDate "1986.??.??"]

{4/(14)} 1. Nc3 c5 2. e4 g6 3. f4 Bg7 4. Bc4 e6 5. f5 gxf5 6. d3 fxe4 7. dxe4
Nc6 8. Nf3 Ne5 9. Bb3 Ne7 10. Bg5 N5g6 11. Qd2 a6 12. a4 Qc7 13. O-O c4 14. Ba2
Qb6+ 15. Kh1 Qxb2 16. Ne2 d5 17. Bxe7 Nxe7 18. Ng5 O-O 19. Ng3 Qd4 20. Qe2 Qe5
21. Nf3 Qc7 22. Rae1 Ng6 23. e5 Bd7 24. Nh5 Nxe5 25. Nxe5 Qxe5 26. Qxe5 Bxe5
27. Rxe5 Bxa4 28. Nf6+ Kh8 29. Rh5 Kg7 30. Re5 Rh8 31. c3 Rad8 32. Nh5+ Kf8 33.
Rxe6 d4 34. Ref6 Rd7 35. Bb1 h6 36. Bg6 d3 37. Rxf7+ Rxf7 38. Rxf7+ Ke8 39.
Rh7+ Kd8 40. Rxh8+ Kc7 41. Nf4 d2 42. Bh5 b5 43. Rxh6 a5 44. Nd5+ Kd7 45. Bg4+
Ke8 46. Ne3 b4 47. cxb4 axb4 48. Nxc4 d1=Q+ 49. Bxd1 Bxd1 50. Rh7 Bc2 51. Rb7
b3 52. h4 Kd8 53. Nd6 Bd1 54. Kh2 Bc2 55. h5 Bd1 56. h6 Bc2 57. Kg3 Bg6 58. h7
Bxh7 59. Rxh7 b2 60. Rb7 b1=Q 61. Rxb1 Kd7 62. Rb6 Kc7 63. Ra6 Kd7 64. Kf4 Kc7
65. Ke5 Kb8 66. Ke6 Kc7 67. Ke7 Kb8 68. Rc6 Ka7 69. Kd7 Kb8 70. g4 Ka8 71. Kc7
Ka7 72. Nc8+ 1-0

[Event "Monroe (RVO/2/11)"]
[Site "?"]
[Date "1986.??.??"]
[Round "?"]
[White "Hankinson, Chris"]
[Black "McKinney, T.."]
[Result "1-0"]
[WhiteElo "2025"]
[BlackElo "1900"]
[PlyCount "49"]
[EventDate "1986.??.??"]

{2/(11)} 1. Nc3 Nf6 2. d4 d5 3. e4 dxe4 4. f3 exf3 5. Nxf3 e6 6. Bc4 c6 7. Bg5
Be7 8. O-O O-O 9. Qe1 Nbd7 10. Rd1 Nb6 11. Bd3 Nbd5 12. Ne5 Nxc3 13. bxc3 Nd5
14. Qh4 f5 15. Bxe7 Qxe7 16. Qh3 Nf6 17. Rde1 Qc7 18. g4 g6 19. gxf5 exf5 20.
Bc4+ Kg7 21. Nf3 Ne4 22. Qh4 Qd6 23. Ng5 Nxg5 24. Qxg5 Rf6 25. Re8 1-0

[Event "Monroe (MI Op/6/14)"]
[Site "?"]
[Date "1986.??.??"]
[Round "?"]
[White "Hankinson, Chris"]
[Black "Kulbacki, James"]
[Result "1-0"]
[WhiteElo "2025"]
[BlackElo "2100"]
[PlyCount "107"]
[EventDate "1986.??.??"]

{6/(14)} 1. Nc3 d5 2. e4 e6 3. d4 Nf6 4. Bg5 Be7 5. e5 Ne4 6. Bxe7 Nxc3 7. Bxd8
Nxd1 8. Rxd1 Kxd8 9. Bd3 b6 10. c3 Ba6 11. Bb1 Nd7 12. f4 g6 13. Nf3 Ke7 14.
Kf2 c5 15. g4 Rhc8 16. f5 cxd4 17. f6+ Kf8 18. cxd4 Rc7 19. Rc1 Rac8 20. Rxc7
Rxc7 21. h4 h6 22. Ke3 Nb8 23. Kd2 Bb5 24. h5 g5 25. Nxg5 hxg5 26. h6 Kg8 27.
Rh5 Rc8 28. Rxg5+ Kh8 29. Rg7 Rf8 30. Ke3 Be8 31. g5 Nc6 32. Bd3 Nb4 33. Bb1
Nc6 34. b3 b5 35. a3 Na5 36. Bc2 Nc6 37. Rh7+ Kg8 38. Rg7+ Kh8 39. Bd3 Na5 40.
Rh7+ Kg8 41. b4 Nc4+ 42. Kf4 Nxa3 43. g6 fxg6 44. Rg7+ Kh8 45. Kg5 Nc4 46. Bxg6
Nd2 47. Bxe8 Nf3+ 48. Kg6 Nh4+ 49. Kh5 Nf5 50. Bf7 a5 51. Bxe6 Nxd4 52. Bxd5
Ne2 53. Rg4 a4 54. f7 1-0

[Event "Monroe (MI Op/2/4)"]
[Site "?"]
[Date "1986.??.??"]
[Round "?"]
[White "Hankinson, Chris"]
[Black "Groeller, W.."]
[Result "0-1"]
[WhiteElo "2025"]
[BlackElo "2195"]
[PlyCount "54"]
[EventDate "1986.??.??"]

{2/(4)} 1. e4 c5 2. Nc3 d6 3. f4 g6 4. Nf3 Bg7 5. Bc4 Nc6 6. O-O e6 7. d3 Nge7
8. f5 gxf5 9. Qe1 Nd4 10. Nxd4 cxd4 11. Ne2 O-O 12. Bg5 f6 13. Bd2 fxe4 14.
dxe4 Nc6 15. Nf4 Qe8 16. Qh4 Ne5 17. Bb3 Ng6 18. Nxg6 hxg6 19. Bb4 Qc6 20. Qg4
Rf7 21. Qxg6 a5 22. e5 dxe5 23. Ba3 a4 24. Rf3 axb3 25. Rh3 Qxc2 26. Rh8+ Kxh8
27. Qxf7 Rxa3 0-1

[Event "Monroe (RVO/4/12)"]
[Site "?"]
[Date "1986.??.??"]
[Round "?"]
[White "Hankinson, Chris"]
[Black "Freese, M.."]
[Result "0-1"]
[WhiteElo "2025"]
[BlackElo "1815"]
[PlyCount "48"]
[EventDate "1986.??.??"]

{4/(12)} 1. Nc3 Nf6 2. d4 d5 3. Bg5 Bf5 4. f3 c6 5. e4 dxe4 6. Bxf6 exf6 7.
fxe4 Bg6 8. a3 Bd6 9. Nf3 O-O 10. Bd3 Re8 11. O-O Nd7 12. Qd2 Qc7 13. Qf2 Rad8
14. Rae1 Qb6 15. Nd1 Nf8 16. c4 c5 17. Nc3 cxd4 18. Nd5 Qb3 19. Bb1 Qxc4 20.
Rc1 Qa4 21. Nxd4 Bxe4 22. Bxe4 Rxe4 23. Nxf6+ gxf6 24. Qxf6 Qxd4+ 0-1

[Event "Monroe (RVO/5/13)"]
[Site "?"]
[Date "1986.??.??"]
[Round "?"]
[White "Hankinson, Chris"]
[Black "Conley, Steve"]
[Result "0-1"]
[WhiteElo "2020"]
[BlackElo "1845"]
[PlyCount "88"]
[EventDate "1986.??.??"]

{5/(13)} 1. Nf3 Nf6 2. a4 d5 3. e3 Bg4 4. d4 e6 5. Bd3 Bd6 6. h3 Bh5 7. b3 Nbd7
8. Ba3 Bxa3 9. Nxa3 Ne4 10. Nb1 f5 11. Be2 c6 12. Nfd2 Bxe2 13. Qxe2 Ndf6 14.
a5 a6 15. Nxe4 Nxe4 16. Qh5+ g6 17. Qh6 Qe7 18. O-O O-O-O 19. Qf4 g5 20. Qh2 h5
21. f3 Nf6 22. Kf2 g4 23. Ke2 Rdg8 24. Nc3 Rg6 25. Na4 Nd7 26. Kd3 Rhg8 27. Rg1
Qb4 28. Nc3 Qe7 29. f4 Qg7 30. g3 gxh3 31. Qxh3 Nf6 32. Ne2 Rh8 33. Qf1 Ne4 34.
Qf3 c5 35. c4 dxc4+ 36. bxc4 Rd8 37. Qxh5 Nxg3 38. Nxg3 Rxg3 39. Rxg3 Qxg3 40.
Qf7 Rxd4+ 41. Ke2 Qg2+ 42. Ke1 Rd2 43. Qxe6+ Kb8 44. Qe5+ Ka8 0-1

[Event "Dearborn (MEX/3)"]
[Site "?"]
[Date "1986.??.??"]
[Round "?"]
[White "Haluska, James"]
[Black "Lang, J.."]
[Result "1-0"]
[WhiteElo "2045"]
[BlackElo "2170"]
[PlyCount "107"]
[EventDate "1986.??.??"]

1. e4 e5 2. Nf3 Nc6 3. Bb5 a6 4. Ba4 Nf6 5. O-O Be7 6. Re1 b5 7. Bb3 d6 8. c3
Na5 9. Bc2 c5 10. d4 Qc7 11. a4 b4 12. cxb4 cxb4 13. Nbd2 Bg4 14. Bd3 exd4 15.
h3 Bh5 16. g4 Bg6 17. Qe2 h5 18. g5 Nd7 19. h4 Qc5 20. b3 Ne5 21. Bb2 Nac6 22.
Rac1 Qa7 23. Rc2 f6 24. Rec1 Qd7 25. Nxd4 Nxd3 26. Qxd3 Ne5 27. Qe2 fxg5 28.
Nc6 gxh4 29. Nxe5 dxe5 30. Bxe5 Qg4+ 31. Qxg4 hxg4 32. Rc8+ Kf7 33. R8c7 Rhd8
34. Nc4 Kf8 35. Nb6 Bf6 36. Bxf6 gxf6 37. Nxa8 Rxa8 38. R1c6 Bxe4 39. Rxf6+ Kg8
40. Rf4 Bf3 41. Rfc4 Re8 42. Rc8 Rxc8 43. Rxc8+ Kf7 44. Rc4 a5 45. Rc5 Bd1 46.
Rxa5 Bxb3 47. Ra6 Bc4 48. Rb6 b3 49. a5 Ke7 50. Rb4 Be6 51. a6 Kd6 52. a7 Bd5
53. Rxb3 Kc7 54. Rb8 1-0

[Event "Warren (MCO/2/17)"]
[Site "?"]
[Date "1986.??.??"]
[Round "?"]
[White "Haluska, James"]
[Black "Jonik, Henry"]
[Result "1-0"]
[WhiteElo "2045"]
[BlackElo "1725"]
[PlyCount "49"]
[EventDate "1986.??.??"]

{2/(17)} 1. e4 g6 2. d4 Bg7 3. Nf3 e6 4. Be2 Ne7 5. Nc3 O-O 6. Bg5 h6 7. Be3
Kh7 8. Qd2 d6 9. O-O-O Nd7 10. h4 Rh8 11. Rdg1 Qf8 12. g4 Kg8 13. Ne1 b6 14. h5
Bb7 15. f3 Re8 16. Rh2 g5 17. f4 f6 18. fxg5 fxg5 19. Rf2 Bf6 20. e5 dxe5 21.
dxe5 Nxe5 22. Rgf1 Rd8 23. Rxf6 Rxd2 24. Rxf8+ Kg7 25. Kxd2 1-0

[Event "Warren (MCO/4/6)"]
[Site "?"]
[Date "1986.??.??"]
[Round "?"]
[White "Haluska, James"]
[Black "Brooks, John"]
[Result "1/2-1/2"]
[WhiteElo "2045"]
[BlackElo "2175"]
[PlyCount "143"]
[EventDate "1986.??.??"]

{4/(6)} 1. e4 c5 2. Nf3 Nf6 3. e5 Nd5 4. Nc3 Nb4 5. a3 N4c6 6. Bc4 e6 7. O-O d6
8. exd6 Bxd6 9. Re1 a6 10. d3 O-O 11. Ne4 Be7 12. Be3 b5 13. Ba2 Nd7 14. d4 c4
15. Bf4 Nb6 16. c3 Nd5 17. Qd2 f6 18. h4 Bb7 19. Rad1 Na5 20. Ng3 Qb6 21. Re2
Rfe8 22. Rde1 Bf8 23. Be3 Bd6 24. Bb1 Nxe3 25. Qxe3 Qc7 26. Nh5 Re7 27. Be4 Rf8
28. Bxb7 Nxb7 29. Nd2 g6 30. Ng3 f5 31. Qf3 Rfe8 32. Ngf1 Kg7 33. Ne3 Bh2+ 34.
Kh1 Bf4 35. g3 Bd6 36. Ndf1 e5 37. Nd5 Qc6 38. dxe5 Rxe5 39. Rxe5 Rxe5 40. Rxe5
Bxe5 41. Nfe3 Nc5 42. Kg1 Nd3 43. Qe2 f4 44. gxf4 Bxf4 45. Nf5+ gxf5 46. Qe7+
Kg6 47. Nxf4+ Nxf4 48. Qg5+ Kf7 49. Qxf4 Qe6 50. Kf1 Qd7 51. Kg2 Qd5+ 52. Kg3
Qd3+ 53. Kg2 Qd5+ 54. Kg3 Qe6 55. Kg2 h6 56. Kf1 Kg6 57. Kg1 Qe4 58. Qd6+ Kh5
59. Qxa6 Qb1+ 60. Kg2 Qxb2 61. Qf6 Qc2 62. Qf7+ Kxh4 63. Qf6+ Kg4 64. Qg6+ Kf4
65. Qxh6+ Ke4 66. Qe3+ Kd5 67. Qd4+ Kc6 68. Qf6+ Kd5 69. Qd4+ Kc6 70. Qf6+ Kb7
71. Qe7+ Kb6 72. Qd6+ 1/2-1/2

[Event "Warren (MCO/6/6)"]
[Site "?"]
[Date "1986.??.??"]
[Round "?"]
[White "Haluska, James"]
[Black "Baudry, Pascal"]
[Result "0-1"]
[WhiteElo "2045"]
[BlackElo "2155"]
[PlyCount "58"]
[EventDate "1986.??.??"]

{6/(6)} 1. e4 e5 2. Nf3 Nc6 3. Bb5 Bc5 4. c3 f5 5. d4 fxe4 6. Nxe5 Nxe5 7. dxe5
Qh4 8. Qe2 c6 9. b4 Bb6 10. Nd2 e3 11. Nf3 Qxf2+ 12. Qxf2 exf2+ 13. Ke2 cxb5
14. Be3 Bxe3 15. Kxe3 d6 16. exd6 Nf6 17. Rad1 Bg4 18. Rd4 Bxf3 19. Kxf3 O-O
20. Kxf2 Rad8 21. Rhd1 Rd7 22. Ke3 Ne8 23. Ke4 Rf6 24. Ke5 Kf7 25. R1d2 Re6+
26. Kd5 Rdxd6+ 27. Kc5 Re5+ 28. Rd5 b6+ 29. Kd4 Rdxd5# 0-1

[Event "Dearborn (MEX/1)"]
[Site "Dearborn"]
[Date "1986.??.??"]
[Round "?"]
[White "Haluska, James"]
[Black "Avery, Robert W"]
[Result "1-0"]
[WhiteElo "2045"]
[BlackElo "2185"]
[PlyCount "75"]
[EventDate "1986.??.??"]

1. e4 e5 2. Nf3 Nc6 3. Bb5 Bc5 4. c3 Nf6 5. d4 Bb6 6. O-O O-O 7. Re1 d6 8. h3
Bd7 9. Bg5 h6 10. Bh4 g5 11. Bg3 Nh5 12. Bh2 f6 13. Na3 a6 14. Bc4+ Kh7 15. Nc2
Ba7 16. Ne3 Nf4 17. a3 Ne7 18. Qd2 f5 19. dxe5 fxe4 20. exd6 exf3 21. dxe7 Qxe7
22. Nf5 Qxe1+ 23. Rxe1 Bxf5 24. Bxf4 Rad8 25. Re7+ Kg6 26. Qe1 gxf4 27. Qe5
Rd1+ 28. Kh2 Rf6 29. Qxf4 Bxf2 30. Qxf3 Bg1+ 31. Kg3 Bc5 32. Re8 Rd2 33. Kh4
Bf2+ 34. g3 Kg7 35. Qf4 Rxb2 36. Qxc7+ Bd7 37. Qxd7+ Kg6 38. Rg8# 1-0

[Event "Monroe (MI Op/4/27)"]
[Site "?"]
[Date "1986.??.??"]
[Round "?"]
[White "Halstead, Kevin"]
[Black "Moore, Robert"]
[Result "1/2-1/2"]
[WhiteElo "1840"]
[BlackElo "1805"]
[PlyCount "77"]
[EventDate "1986.??.??"]

{4/(27)} 1. d4 Nf6 2. c4 d6 3. Nf3 g6 4. Bg5 Bg7 5. Qc1 O-O 6. Bh6 Nc6 7. Bxg7
Kxg7 8. e3 e5 9. dxe5 dxe5 10. Qd2 Qxd2+ 11. Nbxd2 Nb4 12. Kd1 Ng4 13. Ke2 Re8
14. a3 Nc2 15. Rc1 Nd4+ 16. Ke1 Nxf3+ 17. Nxf3 e4 18. Nd2 Bd7 19. c5 Rad8 20.
Nb3 Ba4 21. Nd4 f5 22. Bc4 Ne5 23. Be2 Nd3+ 24. Bxd3 exd3 25. Kd2 Re5 26. b4
Kf6 27. Kxd3 f4 28. Rhe1 fxe3 29. fxe3 Rf5 30. Ke2 Re5 31. Kf2 Rde8 32. Rc3 Re4
33. Rd3 Rd8 34. Rd2 Rde8 35. Nf3 R8e7 36. Rd4 R4e6 37. Rf4+ Kg7 38. Nd4 Re5 39.
Rf3 1/2-1/2

[Event "Monroe (MI Op/3/27)"]
[Site "?"]
[Date "1986.??.??"]
[Round "?"]
[White "Halstead, Kevin"]
[Black "Lehotzky, Attila"]
[Result "1/2-1/2"]
[WhiteElo "1840"]
[BlackElo "2045"]
[PlyCount "124"]
[EventDate "1986.??.??"]

{3/(27)} 1. d4 Nf6 2. c4 e6 3. Bg5 h6 4. Bh4 Be7 5. e3 d5 6. Nc3 O-O 7. Nf3 c6
8. Rc1 Nbd7 9. c5 Re8 10. Bd3 Qa5 11. Qa4 Qxa4 12. Nxa4 Bd8 13. Bg3 Ne4 14.
Bxe4 dxe4 15. Nd2 Nf6 16. h3 Nd5 17. a3 Bc7 18. Bh2 f6 19. Nc4 Bxh2 20. Rxh2
Re7 21. Nc3 f5 22. Nd6 Bd7 23. b4 Rb8 24. Ke2 e5 25. Nxd5 cxd5 26. Rd1 exd4 27.
Rxd4 Be6 28. Rh1 Rc7 29. Rhd1 a6 30. Rc1 Rd8 31. Kd1 b6 32. Rd2 bxc5 33. bxc5
Rb8 34. Rdc2 Rb3 35. Rc3 Rb2 36. R1c2 Rxc2 37. Kxc2 Bd7 38. Kd2 g6 39. Ke2 Kf8
40. Kd2 Ke7 41. h4 Ke6 42. g3 Ba4 43. Rc1 Ke5 44. Rc3 g5 45. hxg5 hxg5 46. Ke2
f4 47. gxf4+ gxf4 48. Kd2 f3 49. Rc1 Rg7 50. Ke1 Rg1+ 51. Kd2 Rxc1 52. Kxc1 d4
53. Nc4+ Kd5 54. Nb6+ Kxc5 55. Nxa4+ Kb5 56. exd4 e3 57. Nc3+ Kc4 58. Ne4 Kxd4
59. Ng3 exf2 60. Kd2 Kc4 61. Kc2 a5 62. Nf1 Kd4 1/2-1/2

[Event "Monroe (MI Op/6/20)"]
[Site "?"]
[Date "1986.??.??"]
[Round "?"]
[White "Halstead, Kevin"]
[Black "Clark, K.."]
[Result "0-1"]
[WhiteElo "1840"]
[BlackElo "1930"]
[PlyCount "48"]
[EventDate "1986.??.??"]

{6/(20)} 1. d4 Nf6 2. c4 g6 3. Bg5 Bg7 4. Qc1 Ne4 5. Be3 d5 6. cxd5 Qxd5 7. Nc3
Nxc3 8. bxc3 O-O 9. Bh6 c5 10. Bxg7 Kxg7 11. Nf3 cxd4 12. Nxd4 e5 13. Nb3 Bf5
14. Qd2 Qc6 15. O-O-O Rd8 16. Qe3 Rxd1+ 17. Kxd1 Qd6+ 18. Qd2 Qa3 19. e3 Nc6
20. Qe2 Rd8+ 21. Ke1 Na5 22. f3 Nxb3 23. axb3 Qc1+ 24. Kf2 Rd2 0-1

[Event "Warren (MCO/6/36)"]
[Site "?"]
[Date "1986.??.??"]
[Round "?"]
[White "Haidukewych, Dan"]
[Black "Schwartz, R.."]
[Result "1-0"]
[WhiteElo "1605"]
[BlackElo "1695"]
[PlyCount "43"]
[EventDate "1986.??.??"]

{6/(36)} 1. d4 d5 2. c4 e6 3. Nf3 Nf6 4. e3 Nbd7 5. cxd5 exd5 6. Bd3 c6 7. Nc3
Bb4 8. Bd2 Qc7 9. Qc2 Bxc3 10. bxc3 c5 11. O-O c4 12. Bf5 Ne4 13. Bxe4 Nf6 14.
Bf5 Bxf5 15. Qxf5 O-O 16. Rfb1 a6 17. Rb2 b6 18. a3 Rab8 19. Ne5 Rb7 20. f3 Kh8
21. e4 g6 22. Qxf6+ 1-0

[Event "Warren (MCO/3/54)"]
[Site "?"]
[Date "1986.??.??"]
[Round "?"]
[White "Haidukewych, Dan"]
[Black "Harrod, D.."]
[Result "1-0"]
[WhiteElo "1605"]
[BlackElo "1605"]
[PlyCount "57"]
[EventDate "1986.??.??"]

{3/(54)} 1. d4 d5 2. c4 e6 3. Nf3 c5 4. e3 Nc6 5. Nc3 b6 6. dxc5 Bxc5 7. cxd5
exd5 8. Qxd5 Nb4 9. Bb5+ Bd7 10. Bxd7+ Kf8 11. Qd1 Nc2+ 12. Qxc2 Qxd7 13. O-O
g6 14. b3 Nf6 15. Bb2 Kg7 16. Ne4 Be7 17. Qc3 Qf5 18. Nxf6 Bxf6 19. Qxf6+ Qxf6
20. Bxf6+ Kxf6 21. Rac1 Rhc8 22. Nd4 Rc5 23. Rxc5 bxc5 24. Nf3 g5 25. Rc1 Rd8
26. h3 Kf5 27. Rxc5+ Ke4 28. Nxg5+ Kd3 29. Nxf7 1-0

[Event "Warren (MCO/1/22)"]
[Site "?"]
[Date "1986.??.??"]
[Round "?"]
[White "Haidukewych, Dan"]
[Black "Haluska, James"]
[Result "0-1"]
[WhiteElo "1605"]
[BlackElo "2045"]
[PlyCount "100"]
[EventDate "1986.??.??"]

{1/(22)} 1. d4 Nf6 2. c4 g6 3. Nf3 Bg7 4. e3 O-O 5. Bd3 d6 6. b4 e5 7. Nbd2 Re8
8. Qc2 Nc6 9. Rb1 exd4 10. e4 a5 11. a3 axb4 12. axb4 Ne5 13. Nxd4 Nxd3+ 14.
Qxd3 Nxe4 15. Nxe4 Qh4 16. O-O Qxe4 17. Qxe4 Rxe4 18. Nf3 Rxc4 19. Re1 Be6 20.
Bd2 Bc3 21. Rec1 Bxd2 22. Rxc4 Bxc4 23. Nxd2 Bd5 24. h3 Kf8 25. f3 Ra2 26. Nf1
Ke7 27. Ne3 Be6 28. Re1 Kd7 29. Rc1 Rb2 30. Nc2 c6 31. g4 Kc7 32. Kf1 Kb6 33.
Ke1 Bd5 34. f4 Be4 35. Ne3 Rxb4 36. Nc4+ Kc7 37. Kd2 b5 38. Ne3 Rd4+ 39. Ke2 c5
40. Ra1 Ra4 41. Rxa4 bxa4 42. Kd2 d5 43. Kc1 Kb6 44. Kb2 Kb5 45. f5 d4 46. fxg6
fxg6 47. Nd1 c4 48. h4 Kb4 49. Nf2 c3+ 50. Kc1 a3 0-1

[Event "Monroe (MI Op/7/1)"]
[Site "?"]
[Date "1986.??.??"]
[Round "?"]
[White "Hahn, David"]
[Black "Thompson, Dexter"]
[Result "1/2-1/2"]
[WhiteElo "2140"]
[BlackElo "2095"]
[PlyCount "98"]
[EventDate "1986.??.??"]

{7/(1)} 1. Nf3 d5 2. g3 Nf6 3. Bg2 e6 4. O-O c5 5. c4 Nc6 6. b3 Be7 7. Bb2 O-O
8. d4 dxc4 9. bxc4 Qb6 10. Qb3 Na5 11. Qxb6 axb6 12. Nbd2 Rd8 13. e3 Bd7 14.
Ne5 Bc6 15. Nxc6 Nxc6 16. Nf3 Ne4 17. Ne5 Nxe5 18. dxe5 Nd2 19. Rfc1 Rd7 20.
Rc2 Rad8 21. h4 f5 22. exf6 gxf6 23. Kh1 f5 24. Rd1 Kf7 25. Bxb7 Nxc4 26. Rxd7
Rxd7 27. Rxc4 Rxb7 28. a4 Rd7 29. Kg2 Rd2 30. Be5 Bd6 31. Bxd6 Rxd6 32. Kf3 Rd2
33. a5 bxa5 34. Rxc5 a4 35. Ra5 Ra2 36. Ra7+ Kf6 37. Rxh7 Kg6 38. Ra7 e5 39.
Ra6+ Kg7 40. h5 e4+ 41. Kg2 a3 42. h6+ Kh7 43. Ra5 Ra1 44. Rxf5 a2 45. Ra5 Kxh6
46. g4 Kg6 47. Kh2 Kf6 48. Kg2 Kg6 49. Ra6+ Kg5 1/2-1/2

[Event "Warren (MCO/6/7)"]
[Site "?"]
[Date "1986.??.??"]
[Round "?"]
[White "Hahn, David"]
[Black "Kebrdle, M.."]
[Result "1/2-1/2"]
[WhiteElo "2140"]
[BlackElo "2105"]
[PlyCount "166"]
[EventDate "1986.??.??"]

{6/(7)} 1. e4 c6 2. c4 d5 3. cxd5 cxd5 4. exd5 Nf6 5. Qa4+ Bd7 6. Qb3 Qb6 7.
Bc4 Qxb3 8. Bxb3 Na6 9. Nc3 Nc5 10. Bc2 b5 11. d4 Na4 12. Bxa4 bxa4 13. Nf3 g6
14. Ne5 Bg7 15. O-O O-O 16. Be3 Bf5 17. Nc6 Rfe8 18. Rfe1 a3 19. bxa3 Rac8 20.
Rac1 a6 21. Bg5 Kf8 22. h3 h5 23. Bf4 Bd7 24. Ne5 Bf5 25. Nc6 Bd7 26. Nb4 a5
27. Nd3 Red8 28. d6 exd6 29. Bxd6+ Kg8 30. Be5 Be6 31. Nf4 Bf5 32. Nb5 Ne8 33.
Rxc8 Bxc8 34. Bxg7 Nxg7 35. a4 Nf5 36. d5 Bb7 37. Rd1 Nd6 38. Ne6 fxe6 39. dxe6
Kf8 40. Rxd6 Rxd6 41. Nxd6 Bd5 42. a3 Ke7 43. Nb5 Bxe6 44. Kf1 Bb3 45. Nc3 Kd6
46. h4 Ke5 47. Ke2 Kd4 48. Kd2 Be6 49. f3 Kc4 50. Nb5 Bd7 51. Kc2 Bf5+ 52. Kb2
Bd7 53. Nd6+ Kc5 54. Nb7+ Kb6 55. Nd8 Bxa4 56. Kc3 Kc5 57. Ne6+ Kd6 58. Nf4 Be8
59. Kd4 Bf7 60. g4 hxg4 61. fxg4 a4 62. Nd3 Be6 63. h5 gxh5 64. gxh5 Ke7 65.
Ke5 Bg4 66. h6 Kf7 67. Kf4 Bd1 68. Kg5 Kg8 69. Nc5 Kh7 70. Nd7 Bc2 71. Nf6+ Kh8
72. Kf4 Bb1 73. Ke5 Bc2 74. Kd6 Bb3 75. Kc5 Bd1 76. Kb4 Bc2 77. Ka5 Bb3 78. Kb5
Bd1 79. Ne4 Kh7 80. Nc3 Bc2 81. Nxa4 Kxh6 82. Nc3 Kg6 83. Kb4 Kf7 1/2-1/2

[Event "Warren (MCO/4/16)"]
[Site "?"]
[Date "1986.??.??"]
[Round "?"]
[White "Hahn, David"]
[Black "Hobbs, Raymond"]
[Result "1-0"]
[WhiteElo "2140"]
[BlackElo "1780"]
[PlyCount "93"]
[EventDate "1986.??.??"]

{4/(16)} 1. e4 e6 2. Nf3 d5 3. Nc3 Nf6 4. Qe2 b6 5. g3 Ba6 6. d3 Bb4 7. exd5
Nxd5 8. Bd2 Nxc3 9. bxc3 Bc5 10. Bg2 Bb7 11. O-O O-O 12. Bg5 Be7 13. Bxe7 Qxe7
14. a4 a5 15. Rfe1 Nd7 16. c4 Rfd8 17. Ne5 Bxg2 18. Kxg2 Nxe5 19. Qxe5 Qf6 20.
Re4 Qxe5 21. Rxe5 Rd4 22. Rb1 Kf8 23. Kf3 Ke7 24. Ke3 Rad8 25. f4 f6 26. Reb5
g6 27. Rf1 R8d7 28. Rf2 Kd8 29. Rd2 R4d6 30. c5 Rd5 31. cxb6 Rxb5 32. bxc7+
Kxc7 33. axb5 Kb6 34. c4 h6 35. Rb2 Kc5 36. Kd2 Rd6 37. Kc3 e5 38. fxe5 fxe5
39. Re2 Re6 40. Ra2 Kb6 41. Rf2 Rd6 42. Rf8 Re6 43. Ra8 Kb7 44. Rxa5 e4 45. Ra6
Re7 46. dxe4 Rxe4 47. Rxg6 1-0

[Event "Monroe (MI Op/5/7)"]
[Site "?"]
[Date "1986.??.??"]
[Round "?"]
[White "Hahn, David"]
[Black "Hankinson, Chris"]
[Result "1-0"]
[WhiteElo "2140"]
[BlackElo "2025"]
[PlyCount "53"]
[EventDate "1986.??.??"]

{5/(7)} 1. e4 e5 2. Nc3 Nf6 3. g3 Bc5 4. Bg2 d6 5. Na4 Bg4 6. f3 Bxg1 7. fxg4
Qd7 8. b3 Bd4 9. c3 Bc5 10. g5 Ng8 11. b4 Bb6 12. Nxb6 axb6 13. O-O Qe6 14. d4
Qc4 15. Be3 Ne7 16. Qd2 O-O 17. Rf2 Ra3 18. Rc1 Qe6 19. Qb2 Ra8 20. c4 Nd7 21.
d5 Qg4 22. Bf3 Qh3 23. Qe2 f5 24. exf5 Rxf5 25. Bg4 Rxf2 26. Bxf2 Rxa2 27. Bxh3
1-0

[Event "Warren (MCO/2/8)"]
[Site "?"]
[Date "1986.??.??"]
[Round "?"]
[White "Hahn, David"]
[Black "Gaba, H.."]
[Result "1-0"]
[WhiteElo "2140"]
[BlackElo "1800"]
[PlyCount "63"]
[EventDate "1986.??.??"]

{2/(8)} 1. e4 e5 2. Nc3 Nf6 3. g3 a6 4. Bg2 Bb4 5. Nge2 Nc6 6. Nd5 Be7 7. c3 d6
8. d4 O-O 9. O-O Be6 10. Nxf6+ Bxf6 11. d5 Bd7 12. dxc6 Bxc6 13. c4 b5 14. Nc3
bxc4 15. Nd5 Rb8 16. Qc2 Rb7 17. a4 Bxd5 18. exd5 Qb8 19. Qxc4 Rb6 20. Be3 Rxb2
21. Qxa6 Rb3 22. Qc6 Qb4 23. Rac1 e4 24. Rc4 Qa3 25. Qxc7 Rxe3 26. fxe3 Qxe3+
27. Kh1 h5 28. Rxe4 Qd3 29. Qxd6 Re8 30. Qd7 Rf8 31. Re8 Qa3 32. d6 1-0

[Event "Monroe (MI Op/1b/4)"]
[Site "?"]
[Date "1986.??.??"]
[Round "?"]
[White "Hahn, David"]
[Black "Clark, K.."]
[Result "1-0"]
[WhiteElo "2140"]
[BlackElo "1930"]
[PlyCount "84"]
[EventDate "1986.??.??"]

1. e4 e5 2. Nc3 Nf6 3. g3 Be7 4. Bg2 O-O 5. Nge2 Nc6 6. d3 d6 7. h3 Nd7 8. g4
Re8 9. Ng3 Nf8 10. Nf5 Bg5 11. Nd5 Ne6 12. Bxg5 Qxg5 13. h4 Qd8 14. Qd2 Nb8 15.
O-O-O Nd7 16. g5 Nb6 17. Rdg1 c6 18. Nde3 Nf4 19. h5 d5 20. Bf3 Be6 21. g6 fxg6
22. h6 gxh6 23. Nxh6+ Kh8 24. Ng2 Qf6 25. Bg4 dxe4 26. Bxe6 Rxe6 27. Ne3 exd3
28. Neg4 Qf8 29. Nxe5 Rxe5 30. cxd3 Ne2+ 31. Kb1 Nxg1 32. Qc3 Qg7 33. Rxg1 Re7
34. Qd2 Qf6 35. Ng4 Qd4 36. Nh6 Rae8 37. a3 Nc4 38. Qc1 Qxd3+ 39. Ka1 Kg7 40.
f3 Qe3 41. Nf5+ Kg8 42. Nxe3 Rxe3 {[Remainder illegible; 1-0, 80?]} 1-0

[Event "Monroe (MI Op/3/7)"]
[Site "?"]
[Date "1986.??.??"]
[Round "?"]
[White "Hahn, David"]
[Black "Baze, Lineas"]
[Result "0-1"]
[WhiteElo "2140"]
[BlackElo "2020"]
[PlyCount "70"]
[EventDate "1986.??.??"]

{3/(7)} 1. e4 c5 2. d3 Nc6 3. g3 g6 4. Bg2 Bg7 5. Ne2 e6 6. c4 Nge7 7. Nbc3 O-O
8. O-O a6 9. Rb1 Nd4 10. Nxd4 Bxd4 11. Ne2 Bg7 12. Be3 Qc7 13. Qd2 e5 14. Nc3
d6 15. a3 Bd7 16. b4 Rfb8 17. Rfc1 b6 18. h3 f6 19. Kh2 Rf8 20. Rb2 Rab8 21. f4
Be6 22. a4 f5 23. Rbb1 fxe4 24. Bxe4 Nf5 25. Bxf5 Rxf5 26. Nd5 Bxd5 27. cxd5
Re8 28. Rf1 exf4 29. Bxf4 cxb4 30. Rfc1 Bc3 31. Qg2 Qf7 32. Rc2 Qxd5 33. Qxd5+
Rxd5 34. Rd1 g5 35. Bc1 Rde5 0-1

[Event "Warren (MCO/3/28)"]
[Site "?"]
[Date "1986.??.??"]
[Round "?"]
[White "Haakonstad, Olaf"]
[Black "Maloy, Mickey"]
[Result "0-1"]
[WhiteElo "1820"]
[BlackElo "1605"]
[PlyCount "62"]
[EventDate "1986.??.??"]

{3/(28)} 1. e4 c5 2. Nc3 d6 3. g3 Nf6 4. Bg2 g6 5. d3 Bg7 6. Bg5 h6 7. Bd2 Nc6
8. Nge2 a6 9. O-O O-O 10. Qc1 Kh7 11. f4 b5 12. e5 dxe5 13. Bxc6 Rb8 14. fxe5
Ng4 15. Be4 Qb6 16. Nd5 Qa7 17. Bf4 Bb7 18. Nf6+ exf6 19. exf6 c4+ 20. Kg2
Bxe4+ 21. dxe4 Bxf6 22. Bxb8 Rxb8 23. Rf4 Bg5 24. Qd2 Rd8 25. Qxd8 Ne3+ 26. Kf3
Bxd8 27. e5 g5 28. Rd4 Nxc2 29. Rad1 Nxd4+ 30. Nxd4 Qd7 31. g4 Qd5+ 0-1